Szczegóły MARC21

Od Las Palmas do Pekinu /

003 -Nazwa inst., której nr kontr. jest w polu 001 [,]
    • @
    • Nazwa instytucji, której n kontrolny jest w polu 001
    • NUKAT
005 -DATA I CZAS OSTATNIEJ MODYFIKACJI [,]
    • @
    • pole kontrolne
    • 20241231094145.0
020 -Międzynarod. znormalizowany nr książki - ISBN [ , ]
    • a
    • Numer ISBN
    • 8385909672 Find
    • q
    • Dopowiedzenie
    • Agencja Publicystyczno-Wydawnicza Opres
020 -Międzynarod. znormalizowany nr książki - ISBN [ , ]
    • a
    • Numer ISBN
    • 8373230106 Find
    • q
    • Dopowiedzenie
    • Zakład Graficzny "Colonel"
040 -Instytucja sporządzająca opis [ , ]
    • a
    • Instytucja, która sporządziła opis (NP)
    • KR 7/TS
    • c
    • Instytucja, która sporządziła rekord (NP)
    • KR 7/TS
    • d
    • Instytucja, która zmodyfikowała rekord (P)
    • KR 7/EG
    • d
    • Instytucja, która zmodyfikowała rekord (P)
    • KR 7/BOs
    • d
    • Instytucja, która zmodyfikowała rekord (P)
    • GL 001/DA
942 -Rodzaj dokumentu [ , ]
    • c
    • Rodzaj dokumentu
    • Książka
245 -Strefa tytułu i oznaczenia odpowiedzialności [0,0]
    • a
    • Tytuł
    • Od Las Palmas do Pekinu / Find
    • c
    • Pozostałe elementy strefy tytułu i oznaczenia odpowiedzialności (NP)
    • [red. nacz. Zdzisława Otałęga ; aut. Anna Czapnik et al.].
260 -Strefa adresu wydawniczego [ , ]
    • a
    • Miejsce wydania (P)
    • Kraków :
    • b
    • Nazwa wydawcy (P)
    • Agencja Publicystyczno-Wydawnicza Opres :
    • b
    • Nazwa wydawcy (P)
    • Zakład Graficzny "Colonel",
    • c
    • Data wydania (P)
    • [2001].
300 -Strefa opisu fizycznego [ , ]
    • a
    • Określenie formy książki i/lub objętość (NP)
    • 255 s. :
    • b
    • Oznaczenie ilustracji (NP)
    • fot., mapy ;
    • c
    • Format (NP)
    • 31 cm.
336 -Typ zawartości [ , ]
    • a
    • Termin opisujący typ zawartości
    • Tekst
    • b
    • Kod określający zawartość
    • txt
    • 2
    • Źródło (terminu i kodu)
    • rdacontent
337 -Typ mediów [ , ]
    • a
    • Tryb odtwarzania
    • Bez urządzenia pośredniczącego
    • b
    • Kod typu mediów
    • n
    • 2
    • Źródło (terminu i kodu)
    • rdamedia
338 -Typ/rodzaj nośnika [ , ]
    • a
    • Hasło opisujące typ nośnika
    • Wolumin
    • b
    • Kod typu nośnika
    • nc
    • 2
    • Źródło (terminu i kodu)
    • rdacarrier
490 -Strefa serii i książki wielotomowej - forma nie do wyszukiwania [1, ]
    • a
    • Tytuł (P)
    • Cztery Strony Świata Find
830 -Hasło dodatkowe serii i opisu książki wielotomowej - tytuł ujednolicony/tytuł [ ,0]
    • a
    • Tytuł ujednolicony/tytuł (NP)
    • Cztery Strony Świata
    • 9
    • KHW
    • 582955
651 -Hasło przedmiotowe w formie nazwy geograficznej [ ,7]
    • a
    • Nazwa geograficzna
    • Europa
    • v
    • Określnik formalny
    • trasy turystyczne.
    • 2
    • Źródło terminu
    • kaba
    • 9
    • KHW
    • 583336
651 -Hasło przedmiotowe w formie nazwy geograficznej [ ,7]
    • a
    • Nazwa geograficzna
    • Azja
    • v
    • Określnik formalny
    • trasy turystyczne.
    • 2
    • Źródło terminu
    • kaba
    • 9
    • KHW
    • 583335
700 -Hasło dodatkowe - nazwa osobowa [1, ]
    • a
    • Nazwa osobowa (NP)
    • Otałęga, Zdzisława. Find
    • e
    • Określenie rodzaju współpracy
    • Red.
    • 9
    • KHW
    • 582952
700 -Hasło dodatkowe - nazwa osobowa [1, ]
    • a
    • Nazwa osobowa (NP)
    • Czapnik, Anna. Find
    • 9
    • KHW
    • 582951
710 -Hasło dodatkowe - nazwa ciała zbiorowego [2, ]
    • a
    • Nazwa ciała zbiorowego lub nazwa geograficzna jako pierwszy element (NP)
    • Agencja Publicystyczno-Wydawnicza Opres.
    • 4
    • Kod relacji
    • pbl
    • 9
    • KHW
    • 582953
710 -Hasło dodatkowe - nazwa ciała zbiorowego [2, ]
    • a
    • Nazwa ciała zbiorowego lub nazwa geograficzna jako pierwszy element (NP)
    • Zakład Graficzny COLONEL.
    • 4
    • Kod relacji
    • pbl
    • 9
    • KHW
    • 582954
920 -ISBN [ , ]
    • a
    • ISBN
    • 83-85909-67-2 Find
    • q
    • Dopowiedzenie
    • Agencja Publicystyczno-Wydawnicza Opres
920 -ISBN [ , ]
    • a
    • ISBN
    • 83-7323-010-6 Find
    • q
    • Dopowiedzenie
    • Zakład Graficzny "Colonel"
Sygnatura Status udost. Numer inwentarzowy Lokalizacja Data inwentaryzacji
Z.978791Z.97879BG2001-10-10